000 00705nam a2200229Ia 4500
003 OSt
005 20220926005215.0
006 a|||||r|||| 00| 0
007 ta
008 220923b |||||||| |||| 00| 0 eng d
020 _a080399508
037 _cGeneral Book
040 _aRTL
_cRTL
_beng
041 _2eng
_aeng
082 _aX9:75:(Z).2.N7, M6/TD3
100 _aMarthe Sharad S
_9309856
245 0 _aRegulation and development
_b The Indian policy experience of controls over industry
260 _a New Delhi
_bSage publications
_c1986
300 _a328p.
_ccm.
942 _hX9:75:(Z).2.N7, M6/TD3
_cGB
_2CC
999 _c613171
_d613171